Normal view
MARC view
- Zulkurnain Hj. Awang,
Entry Personal Name
001 - CONTROL NUMBER
- control field: 2925
003 - CONTROL NUMBER IDENTIFIER
- control field: OSt
005 - DATE AND TIME OF LATEST TRANSACTION
- control field: 20170509160218.0
008 - FIXED-LENGTH DATA ELEMENTS
- fixed length control field: 170509|| aca||aabn | a|a d
040 ## - CATALOGING SOURCE
- Original cataloging agency: OSt
- Transcribing agency: OSt
100 ## - HEADING--PERSONAL NAME
- Personal name: Zulkurnain Hj. Awang,
- Dates associated with a name: 1950 -
670 ## - SOURCE DATA FOUND
- Source citation: Work cat.: (OSt)0: Zulkurnain Hj. Awang, 1950 -, Problems of implementing reform-based rural transformation :, 2001

PORTAL AKMAL
E-MEL JKDM
AKMAL2U
G-BAM
u-PUSTAKA